000 00345nam a2200145Ia 4500
008 210716s2005 xx 000 0 und d
041 _aeng
082 _a332.12 MACH
100 _aMachiraju, H R.
245 _aModern commercial banking.
250 _a1
260 _aNew Delhi
_c2005
300 _aXVI,289
650 _aBanking and Insurance
999 _c199813
_d199813